000 00667nam a2200253Ia 4500
003 OSt
005 20220918182558.0
006 a|||||r|||| 00| 0
007 ta
008 220917b |||||||| |||| 00| 0 eng d
024 _a33,145
037 _cTextual
040 _aARTS
_cARTS
_beng
041 _2eng
_aeng
082 _aO111944,3N37,4, M1
100 _aDesai Anita
_913143
245 0 _aFire on the mountain
260 _aHarmondswor
_bPenguin Books
_c1981
300 _a145p.
_ccm.
490 _aKing Penguin
650 _aENGLISH LITERATURE
942 _hO111944,3N37,4, M1
_cTEXL
_2CC
999 _c169474
_d169474